00745cam a22002411 450000100060000000300080000600500170001400800390003103500190007003500190008904000300010804100080013808200210014624500580016726000390022530000290026450000740029350400390036750500200040665000160042665000280044270000330047035582BD-RjUL20211209052340.0140126s19601944nyua b 001 0 eng a(BD-RjUL)35677 a(OCoLC)1248026 aDLCcPPTdOCoLCdDLCbeng aeng00a370.15bEDU 194410aEducational psychologycArthur I. Gates... [et. al.]. aNew York :bMacmillan Co.,cc1944. aVol-2. :bill. ;c22 cm. aFirst pub. in 1923 under title: Psychology for students of education. aIncludes bibliographies and index. aVol. 1. -- V. 2 0aPsychology. 0aEducational psychology.1 aGates, Arthur Irving,d1890-